| 000 | 00978nam a22002177a 4500 | ||
|---|---|---|---|
| 003 | AM-YEHGA | ||
| 005 | 20250617164238.0 | ||
| 008 | 211104s ||||| |||| 00| 0 rus d | ||
| 040 | _aAM-YeHGA | ||
| 041 | 0 | _arus | |
| 110 | 1 |
_aЯкутская АССР. _bВерховный Совет. _bСозыв _n5; _bСессия _n6. |
|
| 245 | 1 | 0 |
_aСтенографический отчет / _cЗаседания Верховного Совета Якут. АССР пятого созыва, шестая сессия 24-25 ноября 1961 года |
| 260 |
_aЯкутск : _bКн. изд-во, _c1962. |
||
| 300 | _a105 с. | ||
| 653 | 0 | _aЯкутская АССР - Юбилей, 1961 г. | |
| 653 | 0 | _aКоммунистическое строительство - Якут. АССР | |
| 653 | 0 | _aВерховный Совет Якутской АССР - Законы и постановления, 1961 г. | |
| 942 |
_2udc _cBK |
||
| 001 | 1801043 | ||
| 090 | _c523876 | ||
| 999 |
_c520305 _d520305 |
||